| 000 | 00346nam a2200109Ia 4500 | ||
|---|---|---|---|
| 008 | 171205s9999 xx 000 0 und d | ||
| 020 | _a9789715428118 | ||
| 100 | _aMulder, Niels. | ||
| 245 |
_cNiels Mulder _aLife in the Philippines: Contextual Essays on Filipino Being |
||
| 260 |
_bUniversity of the Philippines Press _c2016 |
||
| 300 | _a279 pages | ||
| 999 |
_c347354 _d347354 |
||